Normal view
MARC view
Entry Corporate Name
001 - CONTROL NUMBER
- control field: 12560
003 - CONTROL NUMBER IDENTIFIER
- control field: OSt
005 - DATE AND TIME OF LATEST TRANSACTION
- control field: 20211105133525.0
008 - FIXED-LENGTH DATA ELEMENTS
- fixed length control field: 211105|| aca||aabn | a|a d
040 ## - CATALOGING SOURCE
- Original cataloging agency: OSt
- Transcribing agency: OSt
110 ## - HEADING--CORPORATE NAME
- Corporate name or jurisdiction name as entry element: European Space Agency
670 ## - SOURCE DATA FOUND
- Source citation: Work cat.: (OSt): ESA/ESO Workshop on Astronomical Uses of the Space Telescope Switzerland 1982 Mar. 29- Apr. 30 12557, Astronomical uses of the space telescope, 1979